| 000 | 08442 a2200637 4500 | ||
|---|---|---|---|
| 005 | 2009100802442.0 | ||
| 008 | 090226t xxu||||| |||| 00| 0 eng d | ||
| 010 | _aB-341869-901 | ||
| 020 |
_a875155663 _c425.00 |
||
| 020 |
_a9788175155664 _c425.00 |
||
| 035 | _aB-341869-901 | ||
| 037 | _bGalgotia Publications | ||
| 040 |
_adpl _bEnglish |
||
| 082 | _a621.381 | ||
| 100 | _aKarna, Satish K. | ||
| 245 |
_aTheory, objective questions with detailed solutions in electronics and communication for competitions / _cby Satish K. Karna ;complied by Vibha Karna |
||
| 260 |
_aNew Delhi _bGalgotia Publications _c2008 |
||
| 270 |
_a5, Ansari Road, Daryaganj, _bNew Delhi _e110002 _k23263334, 23288134 _l23281909 _mgppl@indiatimes.com |
||
| 300 |
_avi, 1047p. _c28 cm. (pbk) |
||
| 700 | _aKarna, Vibha | ||
| 942 |
_adpl _cEN _2ddc _mKAR _h621.381 |
||
| 999 |
_c24409 _d24409 |
||